Japan's winning margins : (Record no. 7155)

MARC details
000 -LEADER
fixed length control field 01239nac a22002771u 4500
010 ## - LIBRARY OF CONGRESS CONTROL NUMBER
LC control number 93037586
020 ## - INTERNATIONAL STANDARD BOOK NUMBER
International Standard Book Number 0198563744 :
082 00 - DEWEY DECIMAL CLASSIFICATION NUMBER
Classification number 658.00952
Item number LOR
090 ## - LOCALLY ASSIGNED LC-TYPE CALL NUMBER (OCLC); LOCAL CALL NUMBER (OCLC)
-- 7155
-- 7155
100 ## - MAIN ENTRY--PERSONAL NAME
Personal name Lorriman, John.
245 10 - TITLE STATEMENT
Title Japan's winning margins :
Remainder of title management, training, and education /
Statement of responsibility, etc John Lorriman and Takashi Kenjo.
260 ## - PUBLICATION, DISTRIBUTION, ETC. (IMPRINT)
Place of publication, distribution, etc Oxford ;
-- New York :
Name of publisher, distributor, etc Oxford University Press,
Date of publication, distribution, etc 1994.
300 ## - PHYSICAL DESCRIPTION
Extent xvii, 214 p. :
Other physical details ill. ;
Dimensions 25 cm.
500 ## - GENERAL NOTE
General note distributer: Al-Ahram,
504 ## - BIBLIOGRAPHY, ETC. NOTE
Bibliography, etc Includes bibliographical references and index.
511 ## - PARTICIPANT OR PERFORMER NOTE
Participant or performer note catalogued by: wessam
650 #0 - SUBJECT ADDED ENTRY--TOPICAL TERM
Topical term or geographic name as entry element Management
Geographic subdivision Japan.
650 #0 - SUBJECT ADDED ENTRY--TOPICAL TERM
Topical term or geographic name as entry element Vocational education
Geographic subdivision Japan.
650 #0 - SUBJECT ADDED ENTRY--TOPICAL TERM
Topical term or geographic name as entry element Occupational training
Geographic subdivision Japan.
650 #0 - SUBJECT ADDED ENTRY--TOPICAL TERM
Topical term or geographic name as entry element Education
Geographic subdivision Japan.
700 1# - ADDED ENTRY--PERSONAL NAME
Personal name Kenjō, Takashi.
856 42 - ELECTRONIC LOCATION AND ACCESS
Materials specified Publisher description
Uniform Resource Identifier <a href="http://www.loc.gov/catdir/enhancements/fy0640/93037586-d.html">http://www.loc.gov/catdir/enhancements/fy0640/93037586-d.html</a>
856 42 - ELECTRONIC LOCATION AND ACCESS
Materials specified Table of contents only
Uniform Resource Identifier <a href="http://www.loc.gov/catdir/enhancements/fy0640/93037586-t.html">http://www.loc.gov/catdir/enhancements/fy0640/93037586-t.html</a>
856 42 - ELECTRONIC LOCATION AND ACCESS
Materials specified Contributor biographical information
Uniform Resource Identifier <a href="http://www.loc.gov/catdir/enhancements/fy0726/93037586-b.html">http://www.loc.gov/catdir/enhancements/fy0726/93037586-b.html</a>
942 ## - ADDED ENTRY ELEMENTS (KOHA)
Item type Book - Borrowing
Call number prefix 658.00952JAP
Holdings
Withdrawn status Item status Damaged status Not for loan Home library Current library Shelving location Date acquired Source of acquisition Total Checkouts Total Renewals Full call number Barcode Date last seen Date last borrowed Koha item type
        Central Library Central Library First floor 08/01/2014 Purchase 4 11 658.00952JAP 000008271 15/07/2025 08/10/2016 Book - Borrowing